Conversation Power : (Record no. 276519)
[ view plain ]
| 000 -LEADER | |
|---|---|
| fixed length control field | 00357nam a2200121 a 4500 |
| 005 - DATE AND TIME OF LATEST TRANSACTION | |
| control field | 20141022142006.0 |
| 008 - FIXED-LENGTH DATA ELEMENTS--GENERAL INFORMATION | |
| fixed length control field | 100906s19uu xx 00 eng d |
| 050 ## - LIBRARY OF CONGRESS CALL NUMBER | |
| Classification number | CD |
| Item number | V26 1994 |
| 245 ## - TITLE STATEMENT | |
| Title | Conversation Power : |
| Remainder of title | communication skills for business and personal success. |
| 260 ## - PUBLICATION, DISTRIBUTION, ETC. (IMPRINT) | |
| Name of publisher, distributor, etc | A Nightangale, |
| Date of publication, distribution, etc | 1990. |
| 650 ## - SUBJECT ADDED ENTRY--TOPICAL TERM | |
| Topical term or geographic name as entry element | communication skills |
| 942 ## - ADDED ENTRY ELEMENTS (KOHA) | |
| Koha item type | Audio Visual Materials |
| Withdrawn status | Lost status | Damaged status | Home library | Current library | Shelving location | Date acquired | Source of acquisition | Total Checkouts | Full call number | Barcode | Date last seen | Date checked out | Price effective from | Koha item type |
|---|---|---|---|---|---|---|---|---|---|---|---|---|---|---|
| College Library | College Library | Audio Visual Material Section | 09/06/2010 | 1 | CD V26 1994 | AVM00121 | 07/03/2015 | 07/03/2015 | 04/12/2014 | Audio Visual Materials |